Closest country acrostics- A countries part 1 - Statistics

General Stats
  • This quiz has been taken 341 times
  • The average score is 46 of 55
Answer Stats
Letter Country % Correct
A Azerbaijan
95%
I India
93%
A Armenia
92%
O Oman
91%
O Oman
91%
H Hungary
90%
A Austria
89%
D Denmark
89%
F Finland
89%
N Nepal
89%
A Algeria
88%
B Bosnia and Herzegovina
88%
A Andorra
87%
A Andorra
87%
I Italy
87%
N Namibia
87%
N Netherlands
87%
R Romania
87%
T Tajikistan
87%
A Algeria
86%
A Algeria
86%
A Austria
86%
G Georgia
86%
I Italy
86%
L Libya
86%
R Russia
86%
T Trinidad and Tobago
86%
A Argentina
85%
G Gabon
85%
L Lesotho
85%
N Netherlands
85%
B Barbados
84%
N Nicaragua
84%
U Uruguay
84%
A Albania
83%
E Egypt
83%
G Grenada
83%
R Romania
83%
U United States
83%
A Albania
82%
L Liechtenstein
82%
D Dominica
81%
S Saudi Arabia
81%
A Algeria
80%
B Bahamas
80%
D Dominican Republic
80%
A Andorra
78%
A Albania
77%
I Iceland
77%
G Greece
75%
A Austria
74%
R Romania
74%
A Albania
73%
N North Korea
71%
N Niger
65%
No matching quizzes found
Score Distribution
Percent of People with Each Score
Percentile by Number Answered
Your Score History
You have not taken this quiz